00575 2200181 4500001002100000005001700021008004100038035002400079040001200103082001200115090001600127245006500143260009900208300002700307650002900334850001200363990001800375INLIS00000000002394320161104113020.0  0010-111600000000197 aYOPDYOG 223a069 aNUS 069 Buk aBUKU petunjuk pameran tetap Museum Negeri Propinsi Sum-Utara aMedanbDirektorat Jenderal Kebudayaan Bagian Proyek Pembinaan Permuseuman Sumatera Utarac1995 aiii, 94 hlm.c; 20 cm. aKoleksi Museum - Pameran aYOPDYOG a45863-PD/A.13